| 000 | 01016nam a2200313 a 4500 | ||
|---|---|---|---|
| 003 | AR-BaBNM | ||
| 005 | 20251128210929.0 | ||
| 008 | 082120s2002 ||||||||||||||000 | spa|| | ||
| 020 | _a958-616-429-2 | ||
| 040 | _cAR-BaBNM | ||
| 245 | 0 | 0 |
_aContextos cognitivos _bargumentar para transformar |
| 250 | _a1ª ed. | ||
| 260 |
_aBogotá _bUniversidad Externado de Colombia. Facultad de Ciencias de la Educación _bInstituto para la Investigación Educativa _c1999 |
||
| 300 | _a122 p. | ||
| 490 | 0 |
_aTemas de educación _vv. 8 |
|
| 500 | _aContiene referencias bibliográficas y anexos | ||
| 650 | 4 | _aENSEÑANZA DE LAS MATEMATICAS | |
| 650 | 4 | _aCONCEPTOS GEOMETRICOS | |
| 650 | 4 | _aFORMACION DE CONCEPTOS | |
| 650 | 4 | _aPROCESO COGNOSCITIVO | |
| 653 | _aENSEÑANZA DE LA GEOMETRIA | ||
| 653 | _aESTRATEGIAS DIDACTICAS | ||
| 700 | 1 | _aCorrea Medina, José Ignacio | |
| 700 | 1 | _aDimaté Rodríguez, Cecilia | |
| 700 | 1 | _aMartínez, Nancy | |
| 700 | 1 | _aBonilla, Silvia | |
| 942 | _cBK | ||
| 998 | _cRAQUEL | ||
| 999 |
_c17508 _d17508 |
||